000
00322nam a2200121 a 4500
005
20140414131905.0
008
100927s19uu xx 00 eng d
050
_a
FIC
_b
Sp4 1991
100
_a
Spinelli, Jerry
245
_a
Report to the principal's office.
260
_a
New York :
_b
Scholastic ,
_c
1991.
999
_c
110894
_d
110894